Introducción a los sistemas de información geográfica y geotelemática (Registro nro. 21851)

Detalles MARC
000 -Cabecera
Campo de control interno 01022nam a2200265Ia 4500
005 - Fecha y hora del registro
control field 20260320113318.0
008 - Elementos de Longitud Fija
fixed length control field 260320s9999||||xx |||||||||||||| ||und||
020 ## - ISBN
ISBN 9788497889339
041 ## - Idioma
Codigo Idioma ESP
082 ## - DEWEY y NOTACIÓN INTERNA
Dewey 004.678
Notación Interna P45
100 ## - AUTOR
Autor denominación Pérez Navarro, Antonio,
Término de relación
245 #0 - TÍTULO DE MATERIAL BIBLIOGRÁFICO
Título Introducción a los sistemas de información geográfica y geotelemática
Título paralelo
246 ## - TÍTULO TRADUCIDO
Título
Título paralelo
Autor
250 ## - EDICIÓN
Edición Primera edición, decimosegunda reimpresión
260 ## - CIUDAD, EDITORIAL, AÑO
Ciudad Barcelona :
Nombre de la Editorial Editorial UOC,
Año 2016
300 ## - DESCRIPCIÓN
N° Páginas 347 páginas :
Otros detalles ilustraciones, tablas ;
Dimensiones 24 cm.
Material Adicional
440 ## - MENCIÓN DE SERIE
Título de la Serie (Informática
Número de Serie ; número 173)
Volumen de Serie
650 ## - TEMAS
Temas Generalidades
653 ## - DESCRIPTORES
Lenguajes no controlado Informática; Geotelemática; Geodesia; Sistemas de información geográfica
654 ## - PROGRAMAS
Programa
700 ## - OTROS AUTORES
Otros autores Botella Plana, Albert; Muñoz Bollas, Anna; Olivella González, Rosa
Títulos y otras palabras asociadas con el nombre
856 ## - URL - UBICACIÓN
URI/URL: Enlace exacto del recurso <a href="https://ieeexplore-ieee-org.ucsp.lookproxy.com/Xplore/home.jsp">https://ieeexplore-ieee-org.ucsp.lookproxy.com/Xplore/home.jsp</a>
Nota pública: Versión digital <a href="Véase además: Base de datos IEEE Xplore">Véase además: Base de datos IEEE Xplore</a>
942 ## - ELEMENTOS DE KOHA
Tipo de documento Libro
Nombre del creador Justo Noguera
Código de catalogador Margarita Torres
Esquema de clasificación Dewey Decimal Classification
Suppress in OPAC
Existencias
Codigo completo Registro Colección Copia número Disponibilidad Tipo de préstamo Biblioteca Actual Procedencia (Biblioteca) Ubicacón Fecha Ingreso Tipo de Adquisición Date last seen Total checkouts Price effective from Tipo de Item Estado del Material Fuente de Clasificación Damaged status Withdrawn status
004.678 P45 1085955 Universidad Católica San Pablo 1 Disponible Disponible Víctor Andrés Belaunde Víctor Andrés Belaunde Segundo piso 08/04/2026 Compra 08/04/2026   08/04/2026 Libro Bueno Dewey Decimal Classification